000 00911nam a2200253 a 4500
001 41053
003 BD-RjUL
005 20211209053324.0
008 160514s1966 bg ||||| |||| 00| f ben d
020 _c: Tk. 5.50
035 _a(BD-RjUL) 41169
040 _aBD-RjUL
_bben
_cBD-RjUL
041 _aben
082 _223
_a891.443
_bDHG 1966
110 _aঢাকা বিশ্ববিদ্যালয়
_9126318
245 1 0 _aগল্প সংগ্রহ /
_cঢাকা বিশ্ববিদ্যালয়
250 _a২য় সং.
260 _aঢাকা :
_bঢাকা বিশ্ববিদ্যালয়,
_c১৯৬৬
300 _a[৪], ৩৭২ পৃ. ;
_c২১ সেমি.
500 _a(বি. এ. শ্রেণীর পাঠ্য)
650 _aবাংলা গল্প
_9120183
650 _aBengali Fiction
_9126319
942 _2ddc
_cBK
999 _c41053
_d41053